000 00363nam a2200145Ia 4500
008 100122s9999 xx 000 0 und d
082 _b32136
_a822
100 _aखरे सुरेश
245 _aआराप
260 _bजोशी ब्रदर्स
_c1980
300 _a55
630 _aआराप
730 _aआराप
942 _cBOOK
999 _c416603
_d416600